000 00731ngm a2200289 c 4500
003 BLK
005 20240529085834.0
008 180410b bul||n||s|||||||| n|bulo|
010 _aCDD00002219000
040 _aBLK
041 _aBUL
_cBUL
139 _aСвещени места [DVD]
_bС 25
245 1 0 _aСвещени места [DVD]
257 _aBGR
260 _c2006
380 _a0
490 1 _aТайни и загадки
_v6
590 _aS.N: 69922 от КНИГИ
852 _aЦб CD 4787
_p0
856 4 _qpdf
_u
856 4 _qpdf
_u
942 _cCDD
_n0
_s1
944 _aCR
_c08.12.2006
_k30545
_lНора Радева
944 _aED
_c29.06.2011
999 _c219796
_d219796
999 _d219796
999 _d219796